MANUAL FOR PHARMACY TECHINICIANS (Record no. 754631)

MARC details
000 -LEADER
fixed length control field 00442nam a2200181Ia 4500
008 - FIXED-LENGTH DATA ELEMENTS--GENERAL INFORMATION
fixed length control field 230725s2003 xx 000 0 und d
041 ## - LANGUAGE CODE
Language code of text/sound track or separate title eng
082 ## - DEWEY DECIMAL CLASSIFICATION NUMBER
Classification number 615
Item number NAF/RAN
100 ## - MAIN ENTRY--PERSONAL NAME
Personal name NAFISSI MEHDI, RANGAN JOHN
245 ## - TITLE STATEMENT
Title MANUAL FOR PHARMACY TECHINICIANS
250 ## - EDITION STATEMENT
Edition statement 2ND
260 ## - PUBLICATION, DISTRIBUTION, ETC.
Name of publisher, distributor, etc. AMERICAN SOCIETY OF HEALTH SYSTEM
Date of publication, distribution, etc. 2003
300 ## - PHYSICAL DESCRIPTION
Extent 375
365 ## - TRADE PRICE
Tax rate 1 20
500 ## - GENERAL NOTE
General note TEXT BOOK
501 ## - WITH NOTE
With note PH
650 ## - SUBJECT ADDED ENTRY--TOPICAL TERM
Topical term or geographic name entry element PHARMACEUTICS

No items available.